| 000 | 00973nam a22002897a 4500 | ||
|---|---|---|---|
| 001 | 9994 | ||
| 003 | FISKH | ||
| 005 | 20260324160837.0 | ||
| 008 | 260324b cb ||||| |||| 00| 0 eng d | ||
| 020 | _a9780395664155 | ||
| 040 |
_aFISKH _beng _cFISKH _dFISKH |
||
| 050 | _aPZ7 .B91527 .F | ||
| 082 | _a362.56 | ||
| 100 |
_aBunting, Eve _eAuthor |
||
| 245 |
_aFly away home / _cBy Eve Bunting ; illustrated by Ronald Himler |
||
| 260 |
_aNew York : _bClarion Books , _c1991 |
||
| 300 |
_a32 pages : _bcolor illustrations ; _c22 x 23 cm |
||
| 505 | _aN | ||
| 520 | _aA homeless boy who lives in an airport with his father, moving from terminal to terminal and trying not to be noticed, is given hope when he sees a trapped bird find its freedom. | ||
| 521 | 8 |
_a570
_bLexile |
|
| 521 | 8 |
_aN
_bRaz-Plus |
|
| 650 |
_aFamily _vFiction |
||
| 650 |
_aFreedom _vHomelessness |
||
| 700 |
_aHimler, Ronald _eIllustrator |
||
| 942 |
_2ddc _cBK _n0 |
||
| 999 |
_c9994 _d9994 |
||